Banderas de las provincias y ciudades autónomas de España - Estadísticas

Estadísticas generales
  • Esta prueba ha sido intentada 97 veces
  • La puntuación promedio es 24 de 49
Estadísticas de respuestas
Imagen Respuesta % Correcto
Islas Baleares
78%
Principado de Asturias
78%
Tarragona
78%
Región de Murcia
76%
La Rioja
74%
Lérida
74%
Barcelona
72%
Cantabria
72%
Ceuta
72%
Gerona
72%
Comunidad Foral de Navarra
70%
León
70%
Valladolid
64%
Zaragoza
58%
Granada
56%
Sevilla
52%
Santa Cruz de Tenerife
50%
Zamora
48%
Cádiz
46%
Huesca
46%
Toledo
46%
Guipúzcoa
44%
Pontevedra
44%
Teruel
44%
Almería
42%
La Coruña
42%
Segovia
42%
Vizcaya
42%
Huelva
40%
Málaga
40%
Badajoz
38%
Burgos
38%
Córdoba
38%
Jaén
38%
Lugo
38%
Albacete
36%
Cáceres
36%
Cuenca
36%
Guadalajara
36%
Melilla
36%
Ávila
34%
Las Palmas de Gran Canaria
34%
Orense
34%
Salamanca
34%
Álava
32%
Ciudad Real
32%
Soria
32%
Palencia
30%
Madrid
26%
No se encontraron pruebas coincidentes
Distribución de puntuación
Porcentaje de gente con cada puntuación
Porcentaje por número respondido
Historial de tus puntuaciones
No has intentado esta prueba.